|
|
|
|
| LEADER |
00000nbm0a2200000 4500 |
| 001 |
262731 |
| 005 |
20231101233659.0 |
| 035 |
|
|
|a (RuTPU)RU\TPU\book\285714
|
| 090 |
|
|
|a 262731
|
| 100 |
|
|
|a 20140603j2007 k y0rusy50 ca
|
| 101 |
0 |
|
|a rus
|
| 102 |
|
|
|a RU
|
| 105 |
|
|
|a y m 001zy
|
| 200 |
1 |
|
|a Стили научного познания и их стандарты
|e диссертация на соискание ученой степени доктора философских наук
|e Спец. 09.00.01
|f С. Ю. Пискорская
|g науч. рук. Н. М. Чуринов
|
| 210 |
|
|
|a Красноярск
|d 2007
|
| 215 |
|
|
|a 336 л.
|
| 320 |
|
|
|a Библиогр.: с. 309-336. ( 354 назв.).
|
| 606 |
1 |
|
|a Научное познание
|x Методология
|x Методы
|2 stltpush
|3 (RuTPU)RU\TPU\subj\45130
|9 64392
|
| 610 |
1 |
|
|a философия
|
| 610 |
1 |
|
|a научные знания
|
| 610 |
1 |
|
|a стили
|
| 610 |
1 |
|
|a гносеология
|
| 610 |
1 |
|
|a метафизический стиль
|
| 610 |
1 |
|
|a диалектический стиль
|
| 610 |
1 |
|
|a стандарты
|
| 610 |
1 |
|
|a рациональность
|
| 610 |
1 |
|
|a научность
|
| 610 |
1 |
|
|a социальность
|
| 610 |
1 |
|
|a репрезентация
|
| 610 |
1 |
|
|a отражение
|
| 610 |
1 |
|
|a диссертации
|
| 686 |
|
|
|a Ю223
|v LBC/SL-A
|2 rubbk
|
| 686 |
|
|
|a 09.00.01
|2 oksvnk
|
| 700 |
|
1 |
|a Пискорская
|b С. Ю.
|g Светлана Юрьевна
|
| 702 |
|
1 |
|a Чуринов
|b Н. М.
|4 727
|
| 801 |
|
1 |
|a RU
|b 63413507
|c 20140603
|
| 801 |
|
2 |
|a RU
|b 63413507
|c 20140617
|g RCR
|
| 942 |
|
|
|c BK
|